ბათუმის შოთა რუსთაველის სახელმწიფო უნივერსიტეტის ბიბლიოთეკა

Reussir le Delf A1 + Cd / (ბიბ.ჩანაწერი № 50826)

000 -LEADER
fixed length control field 00647nam a2200229Ia 4500
001 - CONTROL NUMBER
control field 17779
003 - CONTROL NUMBER IDENTIFIER
control field GE_BSU
005 - DATE AND TIME OF LATEST TRANSACTION
control field 20221114173712.0
008 - FIXED-LENGTH DATA ELEMENTS--GENERAL INFORMATION
fixed length control field 181216s2010fr xx |||||||||||||| ||fre||
020 ## - INTERNATIONAL STANDARD BOOK NUMBER
International Standard Book Number 9782278064472ხ
040 ## - CATALOGING SOURCE
Transcribing agency GE_BSU
041 ## - LANGUAGE CODE
Language code of text/sound track or separate title fre
080 ## - UNIVERSAL DECIMAL CLASSIFICATION NUMBER
Universal Decimal Classification number 811.133.1 G-48
100 ## - MAIN ENTRY--PERSONAL NAME
Personal name Girardeau,Bruno.
9 (RLIN) 7378
245 ## - TITLE STATEMENT
Title Reussir le Delf A1 + Cd /
Statement of responsibility, etc. Bruno Girardeau ; Mous Nelly.
264 ## - PRODUCTION, PUBLICATION, DISTRIBUTION, MANUFACTURE, AND COPYRIGHT NOTICE
Place of production, publication, distribution, manufacture Paris :
Name of producer, publisher, distributor, manufacturer Didier,
Date of production, publication, distribution, manufacture, or copyright notice 2010.
300 ## - PHYSICAL DESCRIPTION
Extent 128 p .:
Other physical details ill ;
Dimensions 27 cm.
Accompanying material +1CD
653 ## - INDEX TERM--UNCONTROLLED
keyword Reussir le Delf A1
653 ## - INDEX TERM--UNCONTROLLED
keyword ფრანგული ენა
700 ## - ADDED ENTRY--PERSONAL NAME
Personal name Nelly, Mous,
9 (RLIN) 7379
Relator term ავტორი
942 ## - ADDED ENTRY ELEMENTS (KOHA)
Koha item type წიგნი
Source of classification or shelving scheme
ეგზემპლარები
Withdrawn status Lost status Source of classification or shelving scheme Damaged status Not for loan Permanent Location Current Location Shelving location Date acquired Full call number Barcode Date last seen Copy number Price effective from Koha item type
          ბათუმის შოთა რუსთაველის სახელმწიფო უნივერსიტეტის მთავარი ბიბლიოთეკა ბათუმის შოთა რუსთაველის სახელმწიფო უნივერსიტეტის მთავარი ბიბლიოთეკა წიგნსაცავი 2018-12-17 811.133.1 G-48 45668 2018-12-17 45668 2018-12-17 წიგნი